00405cam a2200157ua 45000010005000000080039000050400009000440820013000531000025000662450050000912500009001412600036001503000016001866530018002026530027002204003111212n ii |||gr||||Z||||||asm cMAIN a891.45111 aSaikia, Bipul Jyoti,11aMahakavyar pratham patcby Bipul Jyoti Saikia a2nd. aGuwahati:bStudents stores,996. a71p:c23cm. aAssamese poem aMahakavyar pratham pat